[Event "I Torneo Cecchina A"]
[Site "Roma ITA"]
[Date "1997.??.??"]
[Round "5"]
[White "De Blasio, Alessandro"]
[Black "Esuperanzi, Gianbattista"]
[Result "1-0"]
[WhiteElo "1570"]
[BlackElo "1600"]
[PlyCount "71"]
[EventDate "1997.??.??"]

1. e4 c5 2. Nf3 e6 3. d4 cxd4 4. Nxd4 Nf6 5. Nc3 d6 6. Be2 Be7 7. O-O O-O 8. f4
Nc6 9. Be3 a6 10. Kh1 Bd7 11. Nb3 b5 12. Bf3 Qc7 13. g4 Rfd8 14. g5 Ne8 15. Bg2
Rab8 16. f5 b4 17. fxe6 fxe6 18. Nd5 exd5 19. Qxd5+ Kh8 20. Qf7 Nf6 21. gxf6
Bxf6 22. Rxf6 Ne5 23. Qe7 Re8 24. Qxd6 Qd8 25. Rf4 Re6 26. Qd4 Rc8 27. Raf1 Ng6
28. Rf7 Ne5 29. Bg5 Qe8 30. Rf8+ Qxf8 31. Rxf8+ Rxf8 32. Nc5 Rg6 33. Qxe5 h6
34. Nxd7 Rxg5 35. Nxf8 Rxe5 36. Ng6+ 1-0

[Event "I Torneo Cecchina A"]
[Site "Roma ITA"]
[Date "1997.??.??"]
[Round "5"]
[White "Dentale, Enrico"]
[Black "Papetti, Francesco"]
[Result "0-1"]
[WhiteElo "1600"]
[BlackElo "1780"]
[PlyCount "98"]
[EventDate "1997.??.??"]

1. Nf3 Nf6 2. d4 d5 3. c4 e6 4. Bg5 c6 5. Bxf6 Qxf6 6. e3 Bd6 7. Be2 O-O 8. Nc3
Nd7 9. cxd5 exd5 10. O-O Qh6 11. e4 dxe4 12. Nxe4 Nb6 13. Re1 Bb4 14. Rf1 Be6
15. a3 Be7 16. Nc5 Bd5 17. Qc2 Bd6 18. Ne4 Bc7 19. Neg5 Bxh2+ 20. Nxh2 Qxg5 21.
Nf3 Qf4 22. Rfe1 Rfe8 23. g3 Qh6 24. Kg2 Qf6 25. Rh1 h6 26. Rh3 Qxd4 27. Kg1
Qe4 28. Qxe4 Bxe4 29. Rd1 Bf5 30. g4 Bxg4 31. Rg3 Rxe2 32. Rxg4 Nd5 33. b3 Rae8
34. Nd4 R2e4 35. Rg3 Re1+ 36. Rxe1 Rxe1+ 37. Kg2 Re5 38. b4 Rg5 39. Rxg5 hxg5
40. Kf3 Nc7 41. Ke4 Nb5 42. Nxb5 cxb5 43. Kd5 f5 44. Ke6 g6 45. Kf6 g4 46. Kg5
Kg7 47. Kf4 Kf6 48. Kg3 Ke5 49. Kg2 Kd4 0-1

[Event "I Torneo Cecchina A"]
[Site "Roma ITA"]
[Date "1997.??.??"]
[Round "5"]
[White "Luzi, Alessandro"]
[Black "Scagliarini, Bruno"]
[Result "0-1"]
[WhiteElo "1540"]
[BlackElo "1974"]
[PlyCount "96"]
[EventDate "1997.??.??"]

1. e4 e6 2. d4 d5 3. Nc3 Bb4 4. e5 c5 5. a3 Bxc3+ 6. bxc3 Ne7 7. Nf3 Nbc6 8.
Bd3 Qa5 9. Bd2 Bd7 10. a4 f6 11. exf6 gxf6 12. O-O O-O-O 13. Qb1 c4 14. Be2 e5
15. Qb2 Rdg8 16. Rab1 Qc7 17. Nh4 Ng6 18. Nxg6 hxg6 19. f4 e4 20. Be1 Nd8 21.
Bg3 f5 22. Qa3 Bc6 23. a5 Ne6 24. Rb2 Rg7 25. a6 b6 26. Kf2 Nxf4 27. Ke3 g5 28.
h4 Rf7 29. hxg5 Nxg2+ 30. Kf2 f4 31. Kxg2 fxg3 32. Bg4+ Kb8 33. Rxf7 Qxf7 34.
Qd6+ Qc7 35. Qxg3 Rg8 36. Qh4 Qf4 37. g6 Qd2+ 38. Qf2 Qxf2+ 39. Kxf2 Rxg6 40.
Bh3 Kc7 41. Rb1 Bd7 42. Bxd7 Kxd7 43. Rh1 Rg7 44. Rh6 Kc7 45. Rf6 b5 46. Ke2
Rd7 47. Ke3 Rd6 48. Rf7+ Kb6 0-1

[Event "I Torneo Cecchina A"]
[Site "Roma ITA"]
[Date "1997.??.??"]
[Round "5"]
[White "Marzano, Carlo"]
[Black "Mastropietro, Marco"]
[Result "1-0"]
[WhiteElo "2160"]
[BlackElo "1890"]
[PlyCount "78"]
[EventDate "1997.??.??"]

1. d4 Nf6 2. Nf3 d5 3. Bg5 Ne4 4. Bf4 c5 5. c3 Qb6 6. Qb3 c4 7. Qxb6 axb6 8.
Bxb8 Rxb8 9. Nbd2 Nxd2 10. Nxd2 b5 11. e4 e6 12. a3 Ra8 13. Rd1 Bd7 14. exd5
exd5 15. g3 Bd6 16. Bg2 Be6 17. Nf1 Kd7 18. Ne3 Kc6 19. f4 f6 20. O-O Rhe8 21.
Rde1 Bf7 22. Bf3 Rad8 23. Re2 Re7 24. Rfe1 Rde8 25. Kf2 g6 26. Ng4 Rxe2+ 27.
Bxe2 Re6 28. Ra1 h5 29. Ne3 Re8 30. a4 b4 31. Bf3 Rxe3 32. Kxe3 bxc3 33. bxc3
f5 34. Bd1 Kb6 35. Rb1+ Kc6 36. a5 Kc7 37. Rb5 Kb8 38. a6 Ka7 39. Rxb7+ Kxa6
1-0

[Event "I Torneo Cecchina A"]
[Site "Roma ITA"]
[Date "1997.??.??"]
[Round "5"]
[White "Minerva, Enzo"]
[Black "Gardon, Ermanno"]
[Result "0-1"]
[WhiteElo "1809"]
[BlackElo "1722"]
[PlyCount "126"]
[EventDate "1997.??.??"]

1. e4 e6 2. d4 c5 3. Nf3 cxd4 4. Nxd4 Nf6 5. Bd3 Nc6 6. c3 d5 7. Nxc6 bxc6 8.
e5 Nd7 9. Qe2 Qc7 10. Bf4 Nc5 11. Bc2 Ba6 12. Qf3 g5 13. Bg3 Bg7 14. Qe3 Nd7
15. Qxg5 Bxe5 16. Qe3 h5 17. Nd2 h4 18. Bxe5 Qxe5 19. O-O-O Rg8 20. Nf3 Qxe3+
21. fxe3 h3 22. Rd2 hxg2 23. Rg1 Bf1 24. e4 Nc5 25. exd5 cxd5 26. Ne1 Ne4 27.
Rd4 f5 28. Bd3 O-O-O 29. Bxf1 gxf1=Q 30. Rxf1 Rh8 31. Nf3 Rdg8 32. h4 Rg2 33.
Re1 Rf2 34. Ng5 Rh6 35. c4 Ng3 36. Kd1 Rxb2 37. cxd5 Rb1+ 38. Kc2 Rxe1 39. dxe6
Rhxe6 40. Nxe6 Rxe6 41. Kd3 Re4 42. Rxe4 fxe4+ 43. Ke3 Nf5+ 44. Kxe4 Nxh4 45.
Kd4 Kb7 46. Kc5 Ka6 47. Kb4 Ng6 48. Ka4 Ne5 49. Kb4 Kb6 50. Ka4 Nc6 51. Kb3 Kb5
52. Ka3 Na5 53. Kb2 Ka4 54. Kc3 Ka3 55. Kd4 Nc6+ 56. Kc4 Kxa2 57. Kb5 Nb8 58.
Ka4 Kb2 59. Kb4 Nc6+ 60. Kb5 a5 61. Ka4 Ka2 62. Kb5 Kb3 63. Kxc6 a4 0-1

[Event "I Torneo Cecchina A"]
[Site "Roma ITA"]
[Date "1997.??.??"]
[Round "5"]
[White "Montecchi, Ugo"]
[Black "Ridolfi, Raffaele"]
[Result "1/2-1/2"]
[WhiteElo "1833"]
[BlackElo "1633"]
[PlyCount "80"]
[EventDate "1997.??.??"]

1. e4 c6 2. c4 d5 3. cxd5 cxd5 4. exd5 Nf6 5. Bb5+ Nbd7 6. Nc3 g6 7. d4 Bg7 8.
Nf3 O-O 9. Bc4 Nb6 10. Qb3 Nxc4 11. Qxc4 b6 12. Ne5 Bb7 13. Nc6 Qd7 14. O-O
Rac8 15. Re1 Bxc6 16. dxc6 Rxc6 17. Qb4 e6 18. Bf4 Nd5 19. Nxd5 Qxd5 20. Be3
Rfc8 21. Qe7 R6c7 22. Qb4 Bf8 23. Qa4 a5 24. Rac1 Rc4 25. Rxc4 Rxc4 26. Qe8 Qc6
27. Qxc6 Rxc6 28. Rc1 Rxc1+ 29. Bxc1 Bg7 30. Be3 b5 31. Kf1 a4 32. Ke2 Kf8 33.
b3 axb3 34. axb3 Ke7 35. Kd3 Kd6 36. Kc3 Bf8 37. Bc1 Kd5 38. f3 Bd6 39. h3 f5
40. Bg5 e5 1/2-1/2

[Event "I Torneo Cecchina A"]
[Site "Roma ITA"]
[Date "1997.??.??"]
[Round "5"]
[White "Moroni, Marco"]
[Black "Bongiovanni, Marco"]
[Result "0-1"]
[WhiteElo "1806"]
[BlackElo "1624"]
[PlyCount "72"]
[EventDate "1997.??.??"]

1. e4 e6 2. d4 d5 3. Nd2 Nf6 4. e5 Nfd7 5. Bd3 c5 6. c3 Nc6 7. Ne2 cxd4 8. cxd4
Qb6 9. O-O f6 10. exf6 Nxf6 11. Nf3 Bd6 12. a3 O-O 13. b4 e5 14. dxe5 Nxe5 15.
Nxe5 Bxe5 16. Rb1 Ng4 17. Be3 Nxe3 18. Bxh7+ Kxh7 19. fxe3 Qxe3+ 20. Kh1 Rxf1+
21. Qxf1 Bg4 22. Ng1 Qf4 23. Qxf4 Bxf4 24. h3 Bh5 25. Rf1 Be3 26. Rf5 Bg6 27.
Rxd5 Rc8 28. Re5 Bf4 29. Re7 Rc1 30. g3 Bxg3 31. Kg2 Bh4 32. Re2 Rc2 33. Rxc2
Bxc2 34. Ne2 Bf6 35. Nf4 Bb2 36. Ne6 Bxa3 0-1

[Event "I Torneo Cecchina A"]
[Site "Roma ITA"]
[Date "1997.??.??"]
[Round "5"]
[White "Pasqualucci, Colombo"]
[Black "Medori, Marco"]
[Result "1/2-1/2"]
[WhiteElo "1794"]
[BlackElo "1600"]
[PlyCount "78"]
[EventDate "1997.??.??"]

1. e4 c5 2. Nf3 Nc6 3. d4 cxd4 4. Nxd4 Nf6 5. Nc3 d6 6. Bc4 e6 7. O-O a6 8. Kh1
Nxd4 9. Qxd4 b5 10. Bb3 Bb7 11. Bg5 h6 12. Bh4 Be7 13. f4 Qd7 14. Rf3 Qc6 15.
Re1 Qc5 16. Qd3 O-O 17. Bf2 Qh5 18. Rh3 Qg6 19. f5 exf5 20. Rg3 fxe4 21. Rxg6
exd3 22. Rxe7 dxc2 23. Bxc2 fxg6 24. Rxb7 Ng4 25. Bg1 Nf2+ 26. Bxf2 Rxf2 27.
Bb3+ Kh7 28. h3 Rxb2 29. Ne4 Rf8 30. Nxd6 Rff2 31. Ne8 g5 32. Rxg7+ Kh8 33.
Rg8+ Kh7 34. Bd5 Rbe2 35. Rg7+ Kh8 36. Rg8+ Kh7 37. Rg7+ Kh8 38. Rg8+ Kh7 39.
Rg7+ Kh8 1/2-1/2

[Event "I Torneo Cecchina A"]
[Site "Roma ITA"]
[Date "1997.??.??"]
[Round "5"]
[White "Quimi, Marco"]
[Black "Franchi, Jose' Maria"]
[Result "1-0"]
[WhiteElo "2240"]
[BlackElo "1915"]
[PlyCount "69"]
[EventDate "1997.??.??"]

1. e4 c5 2. Nf3 e6 3. d4 cxd4 4. Nxd4 Nc6 5. Nc3 a6 6. Be3 Qc7 7. Be2 Nf6 8.
O-O d6 9. f4 Be7 10. Nb3 b5 11. a3 O-O 12. g4 Re8 13. g5 Nd7 14. Bh5 g6 15. Bg4
Na5 16. Nxa5 Qxa5 17. Qd4 Rb8 18. h4 Bf8 19. Qd2 Qc7 20. Bd4 Bb7 21. h5 Nc5 22.
Rae1 d5 23. exd5 exd5 24. hxg6 fxg6 25. Be5 Rxe5 26. fxe5 Rd8 27. Qd4 Ne4 28.
Be6+ Kh8 29. Rxf8+ Rxf8 30. Bxd5 Nc5 31. e6+ Qg7 32. Qxc5 Bxd5 33. Qxd5 Qe7 34.
Qe5+ Kg8 35. Ne4 1-0

[Event "I Torneo Cecchina A"]
[Site "Roma ITA"]
[Date "1997.??.??"]
[Round "5"]
[White "Rossi De Gasperis, Pietro"]
[Black "Attanasi, Salvatore"]
[Result "0-1"]
[WhiteElo "1800"]
[BlackElo "1672"]
[PlyCount "110"]
[EventDate "1997.??.??"]

1. e4 e6 2. d4 d5 3. e5 c5 4. c3 Nc6 5. Nf3 Qb6 6. Bd3 cxd4 7. cxd4 Bd7 8. Bc2
Nb4 9. O-O Nxc2 10. Qxc2 Rc8 11. Nc3 Ne7 12. Qd3 Nf5 13. a3 Be7 14. Bd2 O-O 15.
g4 Nh6 16. Bxh6 gxh6 17. Qd2 Kg7 18. Kh1 f6 19. exf6+ Bxf6 20. Rg1 Kh8 21. g5
hxg5 22. Rg2 Rg8 23. Rag1 g4 24. Ne5 Bxe5 25. dxe5 Bc6 26. Qe2 Qc7 27. f4 gxf3
28. Qxf3 Qxe5 29. Rxg8+ Rxg8 30. Rxg8+ Kxg8 31. Qg4+ Kh8 32. Ne2 Qe4+ 33. Qxe4
dxe4 34. Kg1 Kg7 35. Nd4 Bd5 36. Kf2 Kf6 37. Ke3 Kg5 38. Nb5 a6 39. Nd6 h5 40.
Ne8 Bc6 41. Nc7 Kf5 42. Na8 Kg4 43. Nc7 Bd5 44. Ne8 Kh3 45. Nf6 h4 46. Kf2 Kxh2
47. Ng4+ Kh3 48. Ne3 Bb3 49. Ng2 Kg4 50. Ne3+ Kg5 51. Ng2 h3 52. Ne3 Kf4 53.
Nf1 a5 54. Kg1 e3 55. Nh2 Bc4 0-1

[Event "I Torneo Cecchina A"]
[Site "Roma ITA"]
[Date "1997.??.??"]
[Round "5"]
[White "Rotondi, Paolo"]
[Black "Iacoacci, Giancarlo"]
[Result "0-1"]
[WhiteElo "1660"]
[BlackElo "1600"]
[PlyCount "70"]
[EventDate "1997.??.??"]

1. c4 Nf6 2. Nc3 g6 3. d4 Bg7 4. e4 d6 5. Nge2 O-O 6. Ng3 Nbd7 7. Be2 c5 8. d5
a6 9. O-O e5 10. Be3 Nb6 11. a4 Bd7 12. a5 Nc8 13. h3 b6 14. axb6 Nxb6 15. f4
Bh6 16. Qd2 Qe8 17. fxe5 Bxe3+ 18. Qxe3 Qxe5 19. Rf2 Kg7 20. Raf1 Ng8 21. h4
Nh6 22. Rf4 Qd4 23. Qxd4+ cxd4 24. Nd1 Ba4 25. h5 Bb3 26. hxg6 fxg6 27. Rxf8
Rxf8 28. Rxf8 Kxf8 29. c5 dxc5 30. Bxa6 Bxd1 31. d6 Nf7 32. e5 Bc2 33. d7 Ke7
34. e6 Kxe6 35. Bc8 Ke7 0-1

[Event "I Torneo Cecchina A"]
[Site "Roma ITA"]
[Date "1997.??.??"]
[Round "5"]
[White "Scacco, Mauro"]
[Black "Spano' Cuomo, Gaetano"]
[Result "1-0"]
[WhiteElo "2045"]
[BlackElo "1641"]
[PlyCount "45"]
[EventDate "1997.??.??"]

1. e4 e5 2. Nf3 Nc6 3. Bb5 a6 4. Ba4 Be7 5. O-O b5 6. Bb3 Nf6 7. Re1 d6 8. c3
Na5 9. Bc2 c5 10. d4 Bg4 11. dxe5 Bxf3 12. Qxf3 dxe5 13. Nd2 O-O 14. Nf1 Qc7
15. Ne3 Rfd8 16. Nf5 Ne8 17. Qg3 Bf8 18. f4 Nc6 19. fxe5 Nxe5 20. Bf4 f6 21.
Rf1 Rd7 22. Nh6+ Kh8 23. Bxe5 1-0

[Event "I Torneo Cecchina A"]
[Site "Roma ITA"]
[Date "1997.??.??"]
[Round "5"]
[White "Scagliarini, Valentina"]
[Black "Farina, Saverio"]
[Result "1/2-1/2"]
[WhiteElo "1642"]
[BlackElo "2195"]
[PlyCount "86"]
[EventDate "1997.??.??"]

1. e4 e6 2. d4 d5 3. exd5 exd5 4. Bd3 c5 5. dxc5 Bxc5 6. Nf3 Nf6 7. O-O O-O 8.
Nc3 h6 9. Na4 Bd6 10. Be3 Ne4 11. Nd4 Qh4 12. Nf3 Qe7 13. c4 Be6 14. Nd4 Qh4
15. Nf3 Qg4 16. cxd5 Bxd5 17. Bxe4 Bxe4 18. Qxd6 Bxf3 19. Qg3 Qxg3 20. hxg3 Bc6
21. Nc3 Nd7 22. Rfe1 b6 23. Rac1 Ne5 24. Rc2 Rfe8 25. Rd1 Rac8 26. b3 Be4 27.
Rcc1 Bf5 28. Ne2 f6 29. Rxc8 Bxc8 30. Nd4 Ng4 31. Bf4 Rd8 32. Rd2 Ne5 33. Nb5
Rxd2 34. Bxd2 Nc6 35. Nd6 Be6 36. Ne4 Kf7 37. Kf1 Nd4 38. Bc3 Nb5 39. Bb2 Ke7
40. Nc3 Nc7 41. Ba3+ Kd7 42. Bf8 Ne8 43. Nb5 Bf5 1/2-1/2

[Event "I Torneo Cecchina A"]
[Site "Roma ITA"]
[Date "1997.??.??"]
[Round "5"]
[White "Siraco, Maurizio"]
[Black "De Blasio, Massimo"]
[Result "0-1"]
[WhiteElo "1911"]
[BlackElo "2250"]
[PlyCount "88"]
[EventDate "1997.??.??"]

1. e4 c5 2. Nf3 d6 3. d4 cxd4 4. Nxd4 Nf6 5. Nc3 g6 6. Be3 Bg7 7. Bc4 O-O 8. f3
Nc6 9. Qd2 Bd7 10. O-O-O Ne5 11. Bb3 Rc8 12. h4 Nc4 13. Bxc4 Rxc4 14. h5 Nxh5
15. g4 Nf6 16. Bh6 Nxe4 17. Qh2 Be5 18. f4 Bxd4 19. Rxd4 Rxd4 20. Bxf8 Nf6 21.
Qf2 e5 22. fxe5 dxe5 23. Bc5 Nxg4 24. Qe2 Qg5+ 25. Kb1 Rd2 26. Qe1 Bf5 27. Ne4
Bxe4 28. Qxe4 Qf5 29. Qxf5 gxf5 30. Kc1 Rd5 31. Bxa7 Ra5 32. Bb8 Rxa2 33. Rh5
Ra1+ 34. Kd2 Rf1 35. b4 e4 36. Ba7 Kg7 37. Ke2 Rb1 38. Rxf5 Kg6 39. Rb5 f5 40.
Rxb7 f4 41. c4 Rb2+ 42. Kd1 e3 43. Kc1 e2 44. Re7 Ne3 0-1

[Event "I Torneo Cecchina A"]
[Site "Roma ITA"]
[Date "1997.??.??"]
[Round "5"]
[White "Spaziani, Gianni"]
[Black "Campagna, Maurizio"]
[Result "1-0"]
[WhiteElo "1761"]
[BlackElo "1573"]
[PlyCount "91"]
[EventDate "1997.??.??"]

1. d4 Nf6 2. c4 e6 3. Nc3 Bb4 4. Bd2 b6 5. Nf3 Bb7 6. e3 Qe7 7. Be2 Ne4 8. O-O
Bxc3 9. Bxc3 Nxc3 10. bxc3 O-O 11. Qc2 f5 12. Rad1 d6 13. Qb3 Nd7 14. Rd2 Nf6
15. Ng5 h6 16. Bf3 Bxf3 17. Nxf3 Ne4 18. Re2 c5 19. Nd2 Nxd2 20. Rxd2 Rfd8 21.
Rfd1 Rac8 22. Qb5 d5 23. cxd5 Rxd5 24. c4 Rd7 25. g3 Rcd8 26. a4 Qf6 27. a5
cxd4 28. axb6 Rb7 29. c5 e5 30. Qa6 Qc6 31. exd4 Rxd4 32. Rxd4 exd4 33. Rxd4
axb6 34. Rd6 Qe4 35. Qa2+ Kh7 36. Re6 Qb4 37. c6 Re7 38. Rxe7 Qxe7 39. Qd5 Kg6
40. Qc4 Qc7 41. Qe6+ Kh7 42. Qxf5+ Kg8 43. Qd7 Qe5 44. c7 Qe1+ 45. Kg2 Qe4+ 46.
Kh3 1-0

[Event "I Torneo Cecchina A"]
[Site "Roma ITA"]
[Date "1997.??.??"]
[Round "5"]
[White "Vanzan, Alessandro"]
[Black "Tosoni, Augusto"]
[Result "0-1"]
[WhiteElo "1528"]
[BlackElo "2116"]
[PlyCount "86"]
[EventDate "1997.??.??"]

1. c4 Nf6 2. Nc3 d6 3. g3 g6 4. Bg2 Bg7 5. Nf3 O-O 6. O-O c6 7. Qc2 e5 8. e4
Bg4 9. b3 Na6 10. a3 Nc7 11. Bb2 Bxf3 12. Bxf3 Ne6 13. Ne2 Nd7 14. Bg2 f5 15.
exf5 gxf5 16. Bh3 Qg5 17. d3 Qh5 18. Bg2 f4 19. f3 Rf6 20. g4 Qh4 21. Rf2 Rh6
22. Bf1 Ng5 23. Nc3 Nf6 24. Qe2 d5 25. cxd5 cxd5 26. Nb5 e4 27. dxe4 dxe4 28.
Nd4 Nxf3+ 29. Nxf3 exf3 30. Qxf3 Rg6 31. h3 h5 32. Bd3 Rg5 33. Qxf4 Rf8 34.
Qc4+ Kh8 35. Raf1 hxg4 36. Bxf6 Bxf6 37. Qc7 Bd4 38. Kh1 Bxf2 39. Qc3+ Rg7 40.
Bf5 Rxf5 41. Qc8+ Rg8 42. Qc3+ Qf6 43. Qc2 g3 0-1

[Event "I Torneo Cecchina A"]
[Site "Roma ITA"]
[Date "1997.??.??"]
[Round "5"]
[White "Vigile, Matteo"]
[Black "Iatrino, Vincenzo"]
[Result "1/2-1/2"]
[WhiteElo "1771"]
[BlackElo "1767"]
[PlyCount "165"]
[EventDate "1997.??.??"]

1. e4 e5 2. Nf3 Nc6 3. d4 exd4 4. Nxd4 Bc5 5. Nxc6 Qf6 6. Qd2 Qxc6 7. Nc3 Bb4
8. Bd3 Nf6 9. O-O O-O 10. e5 Bxc3 11. bxc3 Ne4 12. Qf4 Nxc3 13. Qh4 g6 14. Bb2
Na4 15. Bd4 Nc5 16. Bxc5 Qxc5 17. Rfe1 Re8 18. Qf6 b6 19. Re3 Bb7 20. Rae1 Re6
21. Qh4 Qe7 22. Qh6 Qf8 23. Qf4 Rae8 24. Rh3 d6 25. Rhe3 dxe5 26. Rxe5 Rxe5 27.
Rxe5 Rxe5 28. Qxe5 Qd8 29. h4 Qd5 30. Qg3 c5 31. f3 Kg7 32. Qb8 a6 33. Qc7 b5
34. Kh2 Qc6 35. Qe5+ Qf6 36. Qxc5 Qxh4+ 37. Kg1 Qf6 38. c4 Qa1+ 39. Kh2 Qc3 40.
Qc7 Qxd3 41. Qxb7 Qxc4 42. Qxa6 Qh4+ 43. Kg1 Qd4+ 44. Kh2 b4 45. Qa4 Qc3 46.
Qd7 h5 47. Qd5 Qb2 48. Qe4 Qxa2 49. Qxb4 Qe6 50. Qf4 f6 51. Qc7+ Qf7 52. Qf4
Qe7 53. Qc4 g5 54. Qc6 h4 55. Kh1 Qe5 56. Qd7+ Kg6 57. Qc6 Kh5 58. Qd7 Kg6 59.
Qc6 Qe3 60. Qc8 Qe1+ 61. Kh2 Qe5+ 62. Kh1 f5 63. Qd8 Qf6 64. Qd3 Qa1+ 65. Kh2
Qe5+ 66. Kh1 Qe1+ 67. Kh2 Qg3+ 68. Kh1 h3 69. gxh3 Qxh3+ 70. Kg1 Qg3+ 71. Kf1
g4 72. Qa6+ Kg5 73. fxg4 fxg4 74. Qe6 Qf3+ 75. Kg1 Qg3+ 76. Kh1 Qf3+ 77. Kg1
Kf4 78. Qf6+ Kg3 79. Qe5+ Qf4 80. Qxf4+ Kxf4 81. Kf2 g3+ 82. Kg2 Kg4 83. Kg1
1/2-1/2

[Event "I Torneo Cecchina A"]
[Site "Roma ITA"]
[Date "1997.??.??"]
[Round "5"]
[White "Vignato, Giovanni"]
[Black "Mastroddi, Emiliano"]
[Result "0-1"]
[WhiteElo "2150"]
[BlackElo "1753"]
[PlyCount "54"]
[EventDate "1997.??.??"]

1. e4 c5 2. Nf3 d6 3. d4 cxd4 4. Nxd4 Nf6 5. Nc3 g6 6. f3 Bg7 7. Be3 Nc6 8. Qd2
O-O 9. O-O-O Bd7 10. g4 Rc8 11. h4 Ne5 12. h5 Nc4 13. Bxc4 Rxc4 14. hxg6 fxg6
15. Bh6 Nxe4 16. Nxe4 Rxd4 17. Qh2 Rxd1+ 18. Kxd1 Be5 19. f4 Bxg4+ 20. Kc1 Bf3
21. Bxf8 Bxh1 22. fxe5 Bxe4 23. Bh6 d5 24. Qf2 Qc8 25. e6 Bf5 26. c3 Qxe6 27.
b4 Qe4 0-1

[Event "I Torneo Cecchina A"]
[Site "Roma ITA"]
[Date "1997.??.??"]
[Round "6"]
[White "Arabito, Giuseppe"]
[Black "Vannelli, Vittorio"]
[Result "1-0"]
[WhiteElo "1558"]
[BlackElo "1636"]
[PlyCount "73"]
[EventDate "1997.??.??"]

1. Nf3 Nf6 2. g3 g6 3. Bg2 Bg7 4. c4 d6 5. O-O e5 6. d3 O-O 7. Nc3 c6 8. Qc2
Nbd7 9. Rb1 Re8 10. e4 Qc7 11. Nh4 b5 12. b3 b4 13. Na4 a5 14. h3 c5 15. Be3
Nf8 16. f4 exf4 17. gxf4 Bb7 18. Qf2 Bc6 19. f5 Rac8 20. Nb2 Qe7 21. Kh1 d5 22.
Bxc5 Qc7 23. Bb6 Qd6 24. cxd5 Bd7 25. Nc4 Rxc4 26. bxc4 Nh5 27. fxg6 Ng3+ 28.
Kg1 fxg6 29. Qf7+ Kh8 30. Be3 Ne2+ 31. Kf2 Re7 32. Qf3 Nd4 33. Bxd4 Bxd4+ 34.
Ke2 Bg7 35. Qe3 Qe5 36. Nf3 Qh5 37. Qg5 1-0

[Event "I Torneo Cecchina A"]
[Site "Roma ITA"]
[Date "1997.??.??"]
[Round "6"]
[White "Attanasi, Salvatore"]
[Black "Vignato, Giovanni"]
[Result "1/2-1/2"]
[WhiteElo "1672"]
[BlackElo "2150"]
[PlyCount "67"]
[EventDate "1997.??.??"]

1. e4 c6 2. d4 d5 3. exd5 cxd5 4. Bd3 Nf6 5. Bf4 Nc6 6. c3 Bg4 7. Qb3 Qb6 8.
Qxb6 axb6 9. Nd2 e6 10. Ngf3 Nh5 11. Bc7 Nf6 12. Ne5 Nxe5 13. Bxe5 Be7 14. Bb5+
Kf8 15. Bc7 Bd8 16. Bxd8 Rxd8 17. Bd3 Bh5 18. O-O Ke7 19. Rae1 Ra8 20. a3 Rhc8
21. f4 Kf8 22. f5 exf5 23. Bxf5 Re8 24. Bd3 Rxe1 25. Rxe1 Re8 26. Rxe8+ Kxe8
27. h3 Kd7 28. Kf2 Bg6 29. Bxg6 hxg6 30. Ke3 Ne8 31. c4 Ke6 32. cxd5+ Kxd5 33.
b3 Nd6 34. Nf3 1/2-1/2

[Event "I Torneo Cecchina A"]
[Site "Roma ITA"]
[Date "1997.??.??"]
[Round "6"]
[White "Bongiovanni, Marco"]
[Black "Ottavi, Marco"]
[Result "1/2-1/2"]
[WhiteElo "1624"]
[BlackElo "1945"]
[PlyCount "43"]
[EventDate "1997.??.??"]

1. e4 e6 2. d4 d5 3. Nc3 Bb4 4. e5 c5 5. a3 Bxc3+ 6. bxc3 Ne7 7. Qg4 Qc7 8.
Qxg7 Rg8 9. Qxh7 cxd4 10. Ne2 Nbc6 11. f4 Bd7 12. Qd3 dxc3 13. Qxc3 O-O-O 14.
Rb1 Nf5 15. Bd2 d4 16. Qc4 Kb8 17. g3 Rc8 18. Bg2 Nce7 19. Qxc7+ Rxc7 20. Kf2
Bc6 21. Bxc6 Rxc6 22. Rb2 1/2-1/2

[Event "I Torneo Cecchina A"]
[Site "Roma ITA"]
[Date "1997.??.??"]
[Round "6"]
[White "Campagna, Maurizio"]
[Black "Rossi De Gasperis, Pietro"]
[Result "1-0"]
[WhiteElo "1573"]
[BlackElo "1800"]
[PlyCount "97"]
[EventDate "1997.??.??"]

1. d4 e6 2. c4 Nf6 3. Nc3 Bb4 4. Qc2 d5 5. Bg5 Nbd7 6. e3 c6 7. Nf3 Qa5 8. Bxf6
Nxf6 9. Nd2 Bd7 10. Bd3 dxc4 11. Nxc4 Qg5 12. O-O Ng4 13. Ne4 Qe7 14. a3 b5 15.
axb4 bxc4 16. Qxc4 O-O 17. h3 Nf6 18. Qc5 Nd5 19. Qxe7 Nxe7 20. Nc5 Be8 21. Ra4
Nd5 22. e4 Nb6 23. Ra5 Rd8 24. Nb3 f6 25. Rc1 Bd7 26. Rca1 Nc8 27. Nc5 Kf7 28.
Nb7 Rde8 29. e5 f5 30. Nc5 Re7 31. Ba6 Nb6 32. Bb7 Rd8 33. Rxa7 Nd5 34. b5 cxb5
35. Bxd5 exd5 36. R1a6 Ke8 37. Nb7 Rb8 38. Nd6+ Kd8 39. Nb7+ Ke8 40. Nc5 Rd8
41. Rb6 Kf8 42. Nxd7+ Rexd7 43. Rxd7 Rxd7 44. Rxb5 Ke8 45. g4 fxg4 46. hxg4 g6
47. Kg2 h5 48. Kg3 Rd8 49. Rb6 1-0

[Event "I Torneo Cecchina A"]
[Site "Roma ITA"]
[Date "1997.??.??"]
[Round "6"]
[White "Chiaretti, Roberto"]
[Black "Marzano, Carlo"]
[Result "1-0"]
[WhiteElo "2150"]
[BlackElo "2160"]
[PlyCount "141"]
[EventDate "1997.??.??"]

1. e4 g6 2. d4 c6 3. Nf3 d5 4. e5 Bg7 5. h3 Nh6 6. Nc3 f6 7. Bf4 O-O 8. Qd2 Nf7
9. exf6 exf6 10. O-O-O Nd7 11. Bd3 Re8 12. Kb1 Nf8 13. g4 Ne6 14. Be3 b5 15.
Ne2 Nd6 16. Ng3 Nc4 17. Bxc4 bxc4 18. Ng1 Rb8 19. f4 Qb6 20. c3 Ng5 21. Rh2 Ne4
22. Nxe4 Rxe4 23. Qf2 f5 24. g5 a5 25. Bc1 a4 26. Ne2 a3 27. Ng3 axb2 28. Bxb2
Re8 29. Ka1 Qa5 30. Qd2 Ra8 31. Bc1 Be6 32. Re1 Bf7 33. Rxe8+ Rxe8 34. Re2 Rb8
35. Re1 Qa7 36. Ne2 Qa5 37. Ng1 Qb6 38. Ba3 Qa5 39. Bb4 Qa7 40. Nf3 Qa6 41. Ne5
Bxe5 42. Rxe5 Re8 43. Rxe8+ Bxe8 44. Qe3 Bf7 45. Qe5 Qc8 46. Be7 Qd7 47. a3 Be8
48. Ka2 Bf7 49. Bd6 Qe6 50. a4 Qxe5 51. dxe5 Be6 52. a5 Kf7 53. Ka3 Bc8 54. Bc5
Ke6 55. Kb4 Kd7 56. Bd4 Kc7 57. Kc5 Be6 58. a6 Bc8 59. a7 Bb7 60. e6 Ba8 61. e7
Kd7 62. Kb6 Kxe7 63. Kc7 Ke6 64. Kb8 Kd7 65. Kxa8 Kc7 66. Bf6 c5 67. h4 d4 68.
cxd4 c3 69. d5 c2 70. Bb2 c4 71. d6+ 1-0

[Event "I Torneo Cecchina A"]
[Site "Roma ITA"]
[Date "1997.??.??"]
[Round "6"]
[White "De Blasio, Massimo"]
[Black "Scacco, Mauro"]
[Result "1/2-1/2"]
[WhiteElo "2250"]
[BlackElo "2045"]
[PlyCount "114"]
[EventDate "1997.??.??"]

1. e4 e5 2. Nf3 Nc6 3. Bb5 Nf6 4. O-O Be7 5. Re1 d6 6. c3 Bd7 7. d4 O-O 8. Nbd2
exd4 9. cxd4 Bg4 10. h3 Bh5 11. Qc2 Nb4 12. Qb3 d5 13. e5 Ne4 14. a3 Nxd2 15.
Bxd2 Bxf3 16. Bxb4 Be4 17. Bf1 c6 18. Rac1 Qb6 19. Qc3 Bxb4 20. axb4 a5 21. b5
cxb5 22. Qc5 Qxc5 23. Rxc5 b4 24. Rb5 Rfb8 25. Rc1 g5 26. g4 Kg7 27. Be2 b6 28.
f3 Bg6 29. Rc6 Bb1 30. Kf2 Bg6 31. Ke3 Bb1 32. Kd2 Ba2 33. Rbxb6 Rxb6 34. Rxb6
Bc4 35. Rb7 Ra6 36. Bxc4 dxc4 37. d5 Kf8 38. Kc2 Ke8 39. Rc7 a4 40. Rxc4 a3 41.
bxa3 bxa3 42. Kb1 a2+ 43. Ka1 Ra5 44. Rd4 Kd7 45. Rd3 h6 46. h4 Ke7 47. h5 Kd7
48. Rd4 Ke8 49. f4 gxf4 50. Rxf4 Rxd5 51. Rf5 Rd4 52. g5 hxg5 53. Rxg5 Rd2 54.
e6 fxe6 55. Rg7 Rh2 56. Rh7 e5 57. h6 57... e4 {...} 1/2-1/2

[Event "I Torneo Cecchina A"]
[Site "Roma ITA"]
[Date "1997.??.??"]
[Round "6"]
[White "Esuperanzi, Gianbattista"]
[Black "Spaziani, Gianni"]
[Result "1-0"]
[WhiteElo "1600"]
[BlackElo "1761"]
[PlyCount "97"]
[EventDate "1997.??.??"]

1. e4 e6 2. d4 d5 3. Nc3 Bb4 4. e5 c6 5. a3 Bxc3+ 6. bxc3 Qa5 7. Bd2 b6 8. a4
b5 9. c4 b4 10. c5 Na6 11. Bd3 Rb8 12. Qe2 Nc7 13. Nh3 Nb5 14. O-O Nxd4 15. Qg4
Ne7 16. Qxd4 h6 17. Qg4 Qxc5 18. Qxg7 Rg8 19. Qxh6 Nf5 20. Qh7 Qf8 21. Qh5 Qg7
22. Nf4 Rh8 23. Qf3 Nd4 24. Qg3 Qxe5 25. Rfe1 Qd6 26. Nh3 Qxg3 27. fxg3 c5 28.
Bf4 Rb7 29. Be5 Nf3+ 30. gxf3 c4 31. Bxh8 cxd3 32. cxd3 Ke7 33. a5 f6 34. Bg7
e5 35. Bh6 Bxh3 36. g4 Ke6 37. Rab1 f5 38. g5 f4 39. d4 e4 40. fxe4 dxe4 41.
Rxe4+ Kf5 42. Re5+ Kg6 43. Rb3 Bf5 44. Bf8 Rc7 45. Bc5 Rf7 46. Rxb4 f3 47. d5
Rc7 48. d6 Rc6 49. Rxf5 1-0